Cómo eliminar los errores y dudas del lenguaje
Shranjeno v:
| Glavni avtor: | |
|---|---|
| Format: | Knjiga |
| Jezik: | španščina |
| Izdano: |
Bogotá
Norma
1990
|
| Serija: | Cómo dominar
|
| Teme: | |
| Oznake: |
Označite
Brez oznak, prvi označite!
|
MARC
| LEADER | 00000nam a2200000 a 4500 | ||
|---|---|---|---|
| 001 | UCW6656 | ||
| 003 | CL-VaPUC | ||
| 008 | 920420e19900000CK |||||||||||||||||spa|d | ||
| 082 | 0 | 4 | |a 468.8 |b ESC |2 21 |
| 100 | 0 | |a Escarpanter, José |e author |9 311670 | |
| 245 | 1 | 0 | |a Cómo eliminar los errores y dudas del lenguaje |
| 300 | |a 232 p | ||
| 942 | |c BK | ||
| 945 | |d 19920420 00:00:00 | ||
| 260 | |a Bogotá |b Norma |c 1990 | ||
| 650 | 7 | |a ESPAÑOL ENSEÑANZA |2 CL-VaPUC |9 307658 | |
| 650 | 7 | |a LENGUAJE Y LENGUAS ENSEÑANZA |2 CL-VaPUC |9 307441 | |
| 583 | |a last modification |c 19920420 00:00:00 |k Rodrigo Vera | ||
| 490 | 0 | |a Cómo dominar | |
| 999 | |c 219629 |d 219627 | ||
| 952 | |0 0 |1 0 |4 0 |6 468_800000000000000_ESC_1990 |7 0 |8 A |9 210774 |a BIBEDU |b BIBEDU |d 2019-11-15 |i 2789892 |o 468.8 ESC 1990 |p 2789892 |r 2019-11-15 |w 2019-11-15 |y BK |k EDU | ||